Millionenstädte - Sudden Death - Statistiken

Allgemein
  • Dieses Quiz wurde 263 mal gespielt
    233 seit der letzten Aktualisierung
  • Das Durchschnittsergebnis liegt bei 5 aus 26
Answers on the Grid
Answers color-coded by a green-red scale on the quiz's grid according to % correct below.
Bogota
Wuppertal
Lüneburg
Atlanta
Medellin
Nassau
Abidjan
Markdorf
Canberra
Bern
Brüssel
Paramaribo
Herdwangen
Vilnius
Riga
Tallinn
Odessa
Saporischschja
Cusco
Dodoma
Budapest
Marseille
San José
Baku
Palermo
Bengaluru
Chennai
Hyderabad
Kalkutta
Jaipur
Wuhan
Karatschi
Lahore
Abottabad
Islamabad
Peschawar
Chihuahua
Ciudad Juarez
El Paso
Tijuana
Guadalajara
Peking
Quito
Kabul
Würzburg
Colombo
Sri Jayawardenepura Kotte
Llanfairpwllgwyngyllg-
ogerychwyrndrobwllll-
antysiliogogogoch
Luanda
Lusaka
 
Antwortstatistiken
Antwort % Korrekt
Bogota
74%
Peking
37%
Wuhan
35%
Kalkutta
30%
Budapest
27%
Islamabad
26%
Karatschi
25%
Hyderabad
23%
Abidjan
22%
Bengaluru
18%
Chennai
18%
Kabul
17%
Lahore
17%
Guadalajara
16%
Medellin
15%
Odessa
15%
San José
14%
Luanda
13%
Jaipur
12%
Quito
11%
Baku
10%
Lusaka
9%
Ciudad Juarez
5%
Markdorf
5%
Peschawar
5%
Tijuana
4%
Keine übereinstimmenden Quizze gefunden
Verteilung der Resultate
Anzahl Personen mit jedem Resultat
Perzentil nach korrekt beantworteten Fragen
Ihre Resultats-Entwicklung
Sie haben dieses Quiz seit der letzten Aktualisierung nicht gespielt